Переписка по ходатайству Самарско-Уральского управления земледелия и государственных имуществ о разрешении устройства на Ногайск...

Доступно только в Электронных читальных залах Найти на картеНа карте
RUSMARC
00003861nmc2a22002413x 450
001de1b4506-d155-4544-90dc-760bdb9b003a
00520210426190601.0
100##$a20210118l19031903k l0rusy0189 ca
1010#$arus
102##$aRU
105##$ay###
1222#$ad
2001#$aПереписка по ходатайству Самарско-Уральского управления земледелия и государственных имуществ о разрешении устройства на Ногайской оброчной статье Самарской губернии метеорологической станции
$j28 июня - 9 августа 1903 г.
215##$a6 л.
$d36,5х26 см
251##$cДело
300##$aНа обложке имеются карандашные пометы: "Юго-Вост."
371##$aДокумент не является опубликованным и широко распространяемым
461#0$10018c587c29-db4f-47aa-8abc-2c1772aee2f7
$12001
$aДокладные записки, справки, акты и переписка о передаче в казну Караязского имения Тифлисской губернии, принадлежащего обществу восстановления христианства на Кавказе
$1251
$cДело
$1852
$j695
462#0$10011ad45bc4-c305-4a1e-a4f9-e0213db6ead5
$12001
$aОпись № 1
$1251
$cОпись
$1852
$j1
801#0$aRU
$bРГИА
$c20210118
$gRCR
801#1$aRU
$bГлавНИВЦ
$c20210118
$2rusmarc
801#2$aRU
$bПБ им. Б.Н. Ельцина
$c20210426
$gRCR
$2rusmarc
850##$aРГИА
852##$aРГИА
$eФедеральное казенное учреждение "Российский государственный исторический архив" (РГИА)
$j515
937##$hРГИА
$d12355726
$aASBIBLIO_SCAN
035##$aRusGRCC00018889
856##$uhttp://readingroom.main.prlib.ru/item.aspx?id_node=n163401958&mode=full
Формат отображения